书目信息

书名: 高科技犯罪影视案例剖析 
作者: 陈海燕
出版信息: 北京   北京大学出版社  2025.5
开本页数: 23cm  246页
丛书名: 新文科·特色创新课程系列教材
单 册:
中图分类: D91
科图分类:
主题词: 高技术--gao ji shu--刑事犯罪--案例
电子资源:
ISBN: 978-7-301-31043-4
000 01597nam 2200301 450
001 012025000192
005 20250719105313.0
010    @a978-7-301-31043-4@dCNY62.00
100    @a20250719d2025 em y0chiy50 ea
101 @achi
102    @aCN@b110000
105    @aa a 000yy
106    @ar
200 @a高科技犯罪影视案例剖析@Agao ke ji fan zui ying shi an li pou xi@e《神探伽利略》系列@f陈海燕著
210    @a北京@c北京大学出版社@d2025.5
215    @a246页@c图@d23cm
225 @a新文科·特色创新课程系列教材@Axin wen ke ·te se chuang xin ke cheng xi lie jiao cai
300    @a本书受上海市高水平地方高校 (学科) 建设项目资助
314    @a陈海燕, 华东政法大学副教授、硕士生导师, 主要研究领域为电子证据、计算机犯罪等。
320    @a有书目
330    @a本书就每一集作品中的法律问题作了全面深刻的阐释, 从日本法和中国法两个视角对比分析剧情中的争议法律问题。不同于以往所有影视题材类书籍或者影评分析, 本书是借助影视作品对科学原理和法律知识进行普及的一次大胆尝试: 每一章节都是从剧情中技术原理来分析是否符合现实逻辑, 而“神探伽利略”作品之所以能吸引大量观众, 就在于其中的科技都来源于生活, 大部分都符合物理的、化学的、生物的逻辑; 而对于少部分虚构的、不符合常情的“虚幻”科技, 本书也作了分析。此外, 其中的案例对于解释现实生活中难以讲清楚的法律问题具有非常清晰的案例价值。
410  0 @12001 @a新文科·特色创新课程系列教材
517 @a《神探伽利略》系列@A《shen tan jia li lve 》xi lie
606 @a高技术@Agao ji shu@x刑事犯罪@x案例
690    @aD91@v5
701  0 @a陈海燕@Achen hai yan@4著
801  0 @aCN@bCDNYKJZYXY@c20250719
905    @aCDNYKJZYXY@b300730697-99@dD91@e111@f3
    
    高科技犯罪影视案例剖析:《神探伽利略》系列/陈海燕著.-北京:北京大学出版社,2025.5
    246页:图;23cm.-(新文科·特色创新课程系列教材)
    本书受上海市高水平地方高校 (学科) 建设项目资助
    
    ISBN 978-7-301-31043-4:CNY62.00
    本书就每一集作品中的法律问题作了全面深刻的阐释, 从日本法和中国法两个视角对比分析剧情中的争议法律问题。不同于以往所有影视题材类书籍或者影评分析, 本书是借助影视作品对科学原理和法律知识进行普及的一次大胆尝试: 每一章节都是从剧情中技术原理来分析是否符合现实逻辑, 而“神探伽利略”作品之所以能吸引大量观众, 就在于其中的科技都来源于生活, 大部分都符合物理的、化学的、生物的逻辑; 而对于少部分虚构的、不符合常情的“虚幻”科技, 本书也作了分析。此外, 其中的案例对于解释现实生活中难以讲清楚的法律问题具有非常清晰的案例价值。
相关链接 在五车中查询图书 在当当中查询图书 在豆瓣中查询图书


正题名:高科技犯罪影视案例剖析     索取号:D91/111         预约/预借

序号 登录号 条形码 馆藏地/架位号 状态 备注
1 730697   300730697   柳城-3楼/6架12列6层/ [索取号:D91/111] 在馆    
2 730698   300730698   柳城-3楼/6架12列6层/ [索取号:D91/111] 在馆    
3 730699   300730699   流通书库/ [索取号:D91/111] 在馆